[Event "3rd Al Ain Chess Rapid"]
[Site "Al-Ain UAE"]
[Date "2014.12.18"]
[Round "2.2"]
[White "Pourramezanali, Amirreza"]
[Black "Kryvoruchko, Yuriy"]
[Result "1/2-1/2"]
[WhiteTitle "IM"]
[BlackTitle "GM"]
[WhiteElo "2427"]
[BlackElo "2671"]
[WhiteFideId "12511412"]
[BlackFideId "14109182"]
[EventDate "2014.12.18"]

1. e4 c5 2. c3 Nf6 3. e5 Nd5 4. d4 cxd4 5. cxd4 d6 6. Nf3 Nc6 7. Bc4 Nb6 8. Bb5
Bd7 9. Nc3 dxe5 10. dxe5 g6 11. O-O Bg7 12. Qe2 O-O 13. Rd1 Qc7 14. a4 Bg4 15.
a5 Nd7 16. Nd5 Qxe5 17. Nxe5 Bxe2 18. Nxd7 Bxd1 19. Bxc6 bxc6 20. Nxe7+ Kh8 21.
Nxf8 Rxf8 22. Nxc6 Be2 23. Nxa7 Rd8 24. Bg5 Rd5 25. h4 Bxb2 26. Ra2 Be5 27. Rd2
Rxa5 28. f4 Bc3 29. Rxe2 Rxa7 30. Bh6 Ra8 31. Kh2 Kg8 32. Kh3 Bf6 33. g3 Bg7 34.
Bxg7 1/2-1/2

[Event "3rd Al Ain Chess Rapid"]
[Site "Al-Ain UAE"]
[Date "2014.12.18"]
[Round "2.3"]
[White "Petrosian, Tigran L."]
[Black "Lazarev, Vladimir"]
[Result "1/2-1/2"]
[WhiteTitle "GM"]
[BlackTitle "GM"]
[WhiteElo "2651"]
[BlackElo "2387"]
[WhiteFideId "13301616"]
[BlackFideId "4113250"]
[EventDate "2014.12.18"]

1. Nf3 Nf6 2. g3 d5 3. Bg2 c6 4. c4 Bg4 5. cxd5 Bxf3 6. Bxf3 cxd5 7. O-O Nc6 8.
Nc3 e6 9. d3 Be7 10. Bg2 O-O 11. Bd2 a6 12. a3 Rc8 13. Rc1 d4 14. Na4 Nd5 15.
Nc5 Bxc5 16. Rxc5 Nce7 17. Rc4 Qb6 18. Qc2 Rc6 19. Rc1 Rfc8 20. Bg5 h6 21. Bxe7
Rxc4 22. dxc4 Nxe7 23. c5 Qc7 24. Qc4 Rd8 25. Rd1 e5 26. b4 g6 27. h4 Kg7 28. a4
h5 29. Rc1 f5 30. b5 axb5 31. axb5 e4 32. f3 Qxg3 33. c6 bxc6 34. bxc6 d3 35. c7
Rc8 36. Qc3+ Kf7 37. fxe4 fxe4 38. exd3 exd3 39. Rf1+ Nf5 40. Qc4+ Kg7 41. Qc3+
Kh7 42. Rf3 Qxc7 43. Qxd3 Nxh4 44. Rg3 Nf5 45. Rf3 Rd8 46. Qb1 Qc5+ 47. Kh1 Qe5
48. Kg1 Qd4+ 49. Rf2 Re8 50. Qf1 Ng3 51. Qb1 Rf8 52. Qc2 Rxf2 53. Qxf2 Qxf2+ 54.
Kxf2 Nf5 55. Be4 Nd6 56. Bd3 Kh6 57. Kg3 g5 58. Kf3 Nf7 59. Ke4 g4 60. Kf5 Ng5
61. Be2 Nf3 62. Kf4 Nh2 63. Kg3 Nf3 64. Bxf3 gxf3 65. Kxf3 1/2-1/2

[Event "3rd Al Ain Chess Rapid"]
[Site "Al-Ain UAE"]
[Date "2014.12.18"]
[Round "2.4"]
[White "Gupta, Abhijeet"]
[Black "Hayrapetyan, Hovik"]
[Result "0-1"]
[WhiteTitle "GM"]
[BlackTitle "GM"]
[WhiteElo "2632"]
[BlackElo "2441"]
[WhiteFideId "5010608"]
[BlackFideId "13302639"]
[EventDate "2014.12.18"]

1. Nf3 Nf6 2. c4 e6 3. g3 d5 4. Bg2 c5 5. O-O Nc6 6. d4 dxc4 7. dxc5 Qxd1 8.
Rxd1 Bxc5 9. Nbd2 c3 10. bxc3 Bd7 11. Nb3 Be7 12. Nfd4 Rc8 13. Nb5 Ne5 14. Nxa7
Ra8 15. Bf4 Nc4 16. Rxd7 Nxd7 17. Nb5 O-O 18. Bxb7 Ra4 19. N5d4 Nb8 20. Nc6 Nxc6
21. Bxc6 Ra7 22. a4 Rc8 23. Bb5 Na3 24. c4 Nxc4 25. Rc1 Nd6 26. Rxc8+ Nxc8 27.
Nd4 Bc5 28. Nc6 Ra8 29. a5 Na7 30. Nxa7 Bxa7 31. a6 Rc8 32. Kg2 Rc5 33. Bd3 Ra5
34. g4 Ra4 35. Kf3 f6 36. h4 Bxf2 37. Bc2 Ra2 38. Bd3 Ba7 39. h5 Ra1 40. Bd6 g6
41. h6 Kf7 42. Bb4 Ra4 43. Bd2 e5 44. Bc1 Bc5 45. Bd2 e4+ 46. Bxe4 Rxa6 47. Bd5+
Kf8 48. Bc4 Ra4 49. Bd3 Kf7 50. Bc1 Ra1 51. Bd2 Rg1 52. Bc4+ Kf8 53. Bd3 Bd6 54.
Ke4 Rxg4+ 55. Kd5 Bb4 56. Be3 Ke7 57. Be4 Bd6 58. Bd4 f5 59. Bf3 Rh4 60. Bg7 Bf4
61. Bd4 Rxh6 62. Bc5+ Kf7 63. Kc6 Be5 64. Kd7 Rh3 65. Bd5+ Kg7 66. Ke6 Bf6 67.
Bf3 Rh4 68. Bf2 Ra4 0-1

[Event "3rd Al Ain Chess Rapid"]
[Site "Al-Ain UAE"]
[Date "2014.12.18"]
[Round "2.6"]
[White "Hilwani, Talal"]
[Black "Pashikian, Arman"]
[Result "0-1"]
[BlackTitle "GM"]
[WhiteElo "2274"]
[BlackElo "2617"]
[WhiteFideId "7600410"]
[BlackFideId "13301578"]
[EventDate "2014.12.18"]

1. d4 d6 2. e4 Nf6 3. Nc3 e5 4. Nf3 Nbd7 5. Bc4 Be7 6. O-O O-O 7. h3 c6 8. Bb3
exd4 9. Nxd4 Nc5 10. Qf3 a5 11. Bc4 Be6 12. Bd3 Nfd7 13. Nf5 Bf6 14. Bf4 Bxf5
15. exf5 d5 16. Rfe1 Qb6 17. Rab1 Rfe8 18. Ne2 Ne4 19. c4 Ne5 20. Bxe5 Rxe5 21.
Red1 Rae8 22. cxd5 cxd5 23. Ng3 Bh4 24. Bxe4 dxe4 25. Qg4 Bxg3 26. Qxg3 Rxf5 27.
Rd6 Qc5 28. Rbd1 g6 29. R6d4 e3 30. fxe3 Rfe5 31. Kf2 Qc2+ 32. R1d2 Qf5+ 33. Rf4
Qe6 34. Re2 Qxa2 35. Qf3 Qb3 36. g4 R5e7 37. Rd4 Qb6 38. Rd3 Re6 39. Kg2 Qb5 40.
Red2 Qc6 41. Qxc6 Rxc6 42. Rd7 b6 43. Rf2 f6 44. Kf3 Rce6 45. Re2 R8e7 46. Rd5
Kg7 47. e4 Rc6 48. Red2 Kf7 49. h4 Rc4 50. R5d4 Rxd4 51. Rxd4 Ke6 52. Rd5 Rd7
53. Rb5 Rd3+ 54. Ke2 Rd6 55. Ke3 Kd7 56. g5 Kc6 57. Rb3 a4 58. Rc3+ Kd7 59. gxf6
Rxf6 60. e5 Rc6 61. Rd3+ Ke6 62. Rd4 b5 63. Ke4 h6 64. Rd1 0-1

[Event "3rd Al Ain Chess Rapid"]
[Site "Al-Ain UAE"]
[Date "2014.12.18"]
[Round "2.8"]
[White "Oleksienko, Mikhailo"]
[Black "Sagar, Shah"]
[Result "1/2-1/2"]
[WhiteTitle "GM"]
[WhiteElo "2621"]
[BlackElo "2468"]
[WhiteFideId "4152417"]
[BlackFideId "5022509"]
[EventDate "2014.12.18"]

1. e4 c6 2. d3 d5 3. Nd2 e5 4. Ngf3 Bd6 5. g3 Nf6 6. Bg2 O-O 7. O-O Bg4 8. h3
Bh5 9. exd5 cxd5 10. g4 Bg6 11. Nh4 Nc6 12. Nxg6 hxg6 13. c3 Bc7 14. Re1 Qd6 15.
Nf1 Rad8 16. Bg5 Rfe8 17. Qd2 Bb6 18. Rad1 d4 19. Ng3 dxc3 20. bxc3 Rd7 21. Qe2
Nd5 22. Ne4 Qa3 23. Bc1 Qe7 24. Qf3 Ba5 25. d4 Kf8 26. Bg5 f6 27. Nc5 Nxc3 28.
Nxd7+ Qxd7 29. dxe5 Nxd1 30. Rxd1 Nxe5 31. Qa3+ Qe7 32. Bc1 Qxa3 33. Bxa3+ Kg8
34. Bxb7 Kh7 35. Kg2 Nc4 36. Bc1 Re2 37. Ba6 Rc2 38. Bxc4 Rxc4 39. Be3 Bb6 40.
Bxb6 axb6 41. Rb1 Ra4 42. Rb2 g5 43. Kf3 Ra3+ 44. Ke4 Kg6 45. Kd5 Rxh3 46. a4
Rh4 47. Rb4 Rh2 48. Rxb6 Rxf2 49. a5 Rf4 50. a6 Rxg4 51. Kc6 Ra4 52. Kb7 g4 53.
a7 Rxa7+ 54. Kxa7 Kg5 55. Rb7 f5 56. Kb6 g3 57. Kc5 Kf4 58. Rxg7 Kf3 59. Kd4 g2
60. Rxg2 Kxg2 61. Ke5 1/2-1/2

[Event "3rd Al Ain Chess Rapid"]
[Site "Al-Ain UAE"]
[Date "2014.12.18"]
[Round "2.9"]
[White "Omar, Noaman"]
[Black "Kravtsiv, Martyn"]
[Result "0-1"]
[WhiteTitle "IM"]
[BlackTitle "GM"]
[WhiteElo "2346"]
[BlackElo "2576"]
[WhiteFideId "9300244"]
[BlackFideId "14113147"]
[EventDate "2014.12.18"]

1. d4 Nf6 2. c4 e6 3. Nf3 b6 4. a3 Bb7 5. Nc3 d5 6. Qc2 Be7 7. cxd5 exd5 8. Bf4
O-O 9. e3 c5 10. Bd3 Nc6 11. O-O c4 12. Bf5 g6 13. Bh3 Nh5 14. Bh6 Re8 15. Ne5
Nxe5 16. dxe5 Bc5 17. g3 Rxe5 18. Rad1 Qe7 19. Bg2 Rd8 20. g4 Nf6 21. h3 g5 22.
Kh1 Nxg4 23. hxg4 Qf6 24. Ne2 Qxh6+ 25. Kg1 Qh4 26. Qc3 Re6 27. Rd4 Bxd4 28.
Qxd4 Qh6 29. Ng3 Qf6 30. Qd2 Qe5 31. Rd1 Rf6 32. Nf5 h6 33. Qd4 Qxd4 34. Rxd4
Kf8 35. Kh2 Bc8 36. Bxd5 Bxf5 37. gxf5 Rxf5 38. e4 Rxf2+ 39. Kg3 Rxb2 40. Rxc4
Rd2 41. Rc7 R2xd5 42. exd5 Rxd5 43. Rxa7 Ra5 0-1

[Event "3rd Al Ain Chess Rapid"]
[Site "Al-Ain UAE"]
[Date "2014.12.18"]
[Round "2.10"]
[White "Ter-Sahakyan, Samvel"]
[Black "Gasimov, Parviz"]
[Result "1-0"]
[WhiteTitle "GM"]
[BlackTitle "CM"]
[WhiteElo "2580"]
[BlackElo "2295"]
[WhiteFideId "13302531"]
[BlackFideId "13408798"]
[EventDate "2014.12.18"]

1. e4 c5 2. Nf3 Nc6 3. Bb5 d6 4. O-O Bd7 5. Re1 Nf6 6. c3 a6 7. Bf1 Bg4 8. h3
Bxf3 9. Qxf3 g6 10. d3 Bg7 11. Be3 Nd7 12. Nd2 O-O 13. Qd1 b5 14. a3 a5 15. Nf3
b4 16. d4 Rb8 17. Re2 Qc7 18. Rd2 Rfc8 19. Rc1 Nf6 20. Bd3 bxa3 21. bxa3 d5 22.
e5 Ne4 23. Bxe4 dxe4 24. Ng5 cxd4 25. cxd4 Qb7 26. Nxe4 Qb5 27. Rc5 Qa6 28. Rdc2
Bf8 29. Qf1 Qb7 30. Qc4 Na7 31. d5 Rxc5 32. Nxc5 Qb1+ 33. Rc1 Qb2 34. Nd7 Rc8
35. Qxc8 Nxc8 36. Rxc8 Qa1+ 37. Kh2 Kg7 38. Rxf8 Qxa3 39. Rd8 Qb3 40. Nc5 Qc3
41. g3 Qxe5 42. Rd7 Qf6 43. Ra7 Qd6 44. Rxa5 Qxd5 45. Ra7 Qd6 46. h4 h5 47. Rd7
Qf6 48. Bd4 e5 49. Be3 Qf5 50. Ra7 Kg8 51. Ra2 Kg7 52. Rd2 Kg8 53. Rd5 Qf6 54.
Ne4 Qe6 55. Rd8+ Kg7 56. Ng5 Qe7 57. Ra8 Qb7 58. Ra7 Qd5 59. Rxf7+ Kg8 60. Rf6
Kg7 61. Rb6 Qa8 62. Re6 Qd5 63. Rxe5 1-0

[Event "3rd Al Ain Chess Rapid"]
[Site "Al-Ain UAE"]
[Date "2014.12.18"]
[Round "2.11"]
[White "Safranska, Anda"]
[Black "Mchedlishvili, Mikheil"]
[Result "0-1"]
[WhiteTitle "WGM"]
[BlackTitle "GM"]
[WhiteElo "2267"]
[BlackElo "2625"]
[WhiteFideId "11600209"]
[BlackFideId "13600966"]
[EventDate "2014.12.18"]

1. e4 c5 2. g3 g6 3. Bg2 Bg7 4. f4 Nc6 5. Nf3 e6 6. c3 d5 7. e5 Nge7 8. d3 b6 9.
Be3 O-O 10. O-O Ba6 11. Bf2 Rc8 12. Re1 Qd7 13. Na3 d4 14. c4 Rce8 15. Qd2 Bb7
16. Nc2 Qc8 17. a3 Qa8 18. Qe2 Kh8 19. b4 Nb8 20. g4 Nd7 21. Bh4 f6 22. exf6
Nxf6 23. h3 Nd7 24. Bg3 Nc6 25. b5 Nd8 26. Ng5 e5 27. Bxb7 Qxb7 28. f5 gxf5 29.
gxf5 Nf6 30. Ne4 Nxe4 31. dxe4 Nf7 32. Rad1 Nd6 33. a4 Bf6 34. Kh2 Rg8 35. Rd2
Rg7 36. Qd3 Reg8 37. Rg2 h5 38. Ree2 h4 39. Be1 Rxg2+ 40. Rxg2 Qxe4 0-1

[Event "3rd Al Ain Chess Rapid"]
[Site "Al-Ain UAE"]
[Date "2014.12.18"]
[Round "2.12"]
[White "Salem, A.R. Saleh"]
[Black "Petrosyan, Manuel"]
[Result "1-0"]
[WhiteTitle "GM"]
[BlackTitle "FM"]
[WhiteElo "2586"]
[BlackElo "2407"]
[WhiteFideId "9301348"]
[BlackFideId "13300857"]
[EventDate "2014.12.18"]

1. d4 Nf6 2. c4 e6 3. Nf3 b6 4. a3 Bb7 5. Nc3 d5 6. Qc2 Nbd7 7. cxd5 exd5 8. Bf4
a6 9. e3 Ne4 10. Nxe4 dxe4 11. Ng5 Nf6 12. Bc4 Bd5 13. Bxd5 Qxd5 14. Qxc7 h6 15.
Nxf7 Qa5+ 16. Kf1 Qb5+ 17. Kg1 Nd5 18. Qb7 Rg8 19. Ne5 1-0

[Event "3rd Al Ain Chess Rapid"]
[Site "Al-Ain UAE"]
[Date "2014.12.18"]
[Round "2.13"]
[White "Abdumalik, Zhansaya"]
[Black "Moskalenko, Viktor1"]
[Result "0-1"]
[WhiteTitle "WGM"]
[BlackTitle "GM"]
[WhiteElo "2332"]
[BlackElo "2528"]
[WhiteFideId "13703544"]
[BlackFideId "14100100"]
[EventDate "2014.12.18"]

1. e4 e6 2. d4 d5 3. Nc3 Bb4 4. e5 c5 5. a3 Bxc3+ 6. bxc3 Qc7 7. Nf3 b6 8. Bb5+
Bd7 9. a4 Bxb5 10. axb5 Ne7 11. O-O h6 12. h4 O-O 13. h5 Rc8 14. Ba3 a6 15. bxa6
Rxa6 16. g4 Nd7 17. Qe2 Rca8 18. Bb2 Rxa1 19. Rxa1 Rxa1+ 20. Bxa1 cxd4 21. cxd4
Qc4 22. Qd2 b5 23. g5 Nf5 24. Bc3 hxg5 25. Nxg5 b4 26. Bb2 Nb6 27. Kg2 Na4 28.
Ba1 Nc3 29. Nf3 Ne4 30. Qd1 Qa2 31. Qc1 b3 32. Bb2 bxc2 33. Qxc2 Qc4 34. Qd1 Qa2
35. Qc2 Kh7 36. Qc1 Qb3 37. Ba3 Qc4 38. Qb2 Qd3 39. Bb4 Qd1 40. Ba3 Nh4+ 41.
Nxh4 Qg4+ 42. Kf1 Qxh4 43. Qc2 Qxh5 44. Bc1 Qf3 45. Be3 g5 46. Ke1 g4 47. Qe2
Qh1+ 48. Qf1 Qxf1+ 49. Kxf1 Kg6 50. Ke2 Ng5 51. Bc1 Kf5 52. Ke3 Nh3 53. Ba3 Nf4
54. Bc5 Ng2+ 55. Kd3 Kf4 56. Ke2 Ke4 57. Bb6 Nf4+ 58. Kf1 Kf3 59. Ba5 Nd3 0-1

[Event "3rd Al Ain Chess Rapid"]
[Site "Al-Ain UAE"]
[Date "2014.12.18"]
[Round "2.14"]
[White "Kovchan, Alexander"]
[Black "Aliyev, Elnur"]
[Result "1-0"]
[WhiteTitle "GM"]
[WhiteElo "2569"]
[BlackElo "2141"]
[WhiteFideId "14103052"]
[BlackFideId "13402617"]
[EventDate "2014.12.18"]

1. e4 e5 2. Nf3 Nc6 3. Nc3 Nf6 4. d4 exd4 5. Nxd4 Bb4 6. Nxc6 bxc6 7. Bd3 d5 8.
exd5 O-O 9. O-O cxd5 10. h3 h6 11. Qf3 c6 12. Bf4 Bd6 13. Rfe1 Bxf4 14. Qxf4 Re8
15. Na4 Rxe1+ 16. Rxe1 Qa5 17. Re7 Ba6 18. Rxa7 Qe1+ 19. Kh2 Rxa7 20. Qb8+ Qe8
21. Qxa7 Qe5+ 22. g3 Bxd3 23. cxd3 h5 24. Qe3 Qb8 25. Qd4 h4 26. Qxh4 Qa7 27.
Kg2 c5 28. b3 Qe7 29. Qf4 Kh7 30. Qe3 Qb7 31. Nxc5 Qa8 32. a4 g6 33. d4 Nh5 34.
Qe7 Kg8 35. b4 Ng7 36. g4 Qb8 37. Nd7 Qf4 38. Nf6+ 1-0

[Event "3rd Al Ain Chess Rapid"]
[Site "Al-Ain UAE"]
[Date "2014.12.18"]
[Round "2.15"]
[White "Huseynov, Shahin"]
[Black "Gasanov, Eldar"]
[Result "1/2-1/2"]
[BlackTitle "GM"]
[WhiteElo "2162"]
[BlackElo "2526"]
[WhiteFideId "13401106"]
[BlackFideId "14104466"]
[EventDate "2014.12.18"]

1. d4 Nf6 2. Nf3 e6 3. c4 Bb4+ 4. Bd2 Qe7 5. a3 Bxd2+ 6. Nbxd2 d6 7. e3 e5 8. d5
a5 9. b4 O-O 10. Qb1 c6 11. e4 axb4 12. axb4 Rxa1 13. Qxa1 Na6 14. Qb1 c5 15.
bxc5 Nxc5 16. Bd3 Nh5 17. Nb3 Nxd3+ 18. Qxd3 Nf4 19. Qf1 Bg4 20. Nfd2 Be2 21.
Qg1 Qc7 22. g3 Nh3 23. Qg2 Bxc4 24. Nxc4 Qxc4 25. Nd2 Qc8 26. Ke2 h5 27. Rb1 Ng5
28. h4 Nh7 29. Qf3 Nf6 30. Qb3 Qg4+ 31. Qf3 Qd7 32. Rb6 Ra8 33. Qb3 Qg4+ 34. Qf3
Qd7 35. Qb3 Ra1 36. Rxb7 Qh3 37. Qf3 Ra2 38. Qb3 Qg4+ 39. f3 Rxd2+ 40. Kxd2 Qxg3
41. Qe3 Qh2+ 42. Qe2 Qxh4 43. Rb6 Qf4+ 44. Qe3 Qh2+ 45. Qe2 Qf4+ 46. Qe3 Qh2+
47. Qe2 Qf4+ 48. Kc2 h4 49. Rxd6 h3 50. Rb6 h2 51. Rb8+ Kh7 52. Rb1 Nxd5 53. Rh1
Nf6 54. Rxh2+ Kg8 55. Rh1 g6 56. Qh2 Qxh2+ 57. Rxh2 Kg7 58. Kd3 Nh5 59. Ke3 Kf6
60. Ra2 Nf4 61. Ra7 Ng2+ 62. Kf2 Nf4 63. Ke3 Ng2+ 64. Kf2 Nf4 1/2-1/2

[Event "3rd Al Ain Chess Rapid"]
[Site "Al-Ain UAE"]
[Date "2014.12.18"]
[Round "2.16"]
[White "Shyam, Sundar M."]
[Black "Mokal, Amruta Sunil"]
[Result "1-0"]
[WhiteTitle "GM"]
[WhiteElo "2484"]
[BlackElo "2054"]
[WhiteFideId "5019141"]
[BlackFideId "5016371"]
[EventDate "2014.12.18"]

1. e4 c5 2. Nc3 e6 3. g3 d5 4. exd5 exd5 5. Bg2 Nf6 6. d3 Be7 7. Bg5 Be6 8. Nge2
d4 9. Bxf6 Bxf6 10. Ne4 Be7 11. Nf4 Bf5 12. O-O Nc6 13. Nd5 O-O 14. Re1 Rc8 15.
Qh5 Bg6 16. Qf3 Re8 17. Qf4 Nb4 18. Nxb4 cxb4 19. Re2 f5 20. Nd2 Bg5 21. Rxe8+
Bxe8 22. Qxf5 g6 23. Qd5+ Qxd5 24. Bxd5+ Bf7 25. Bxf7+ Kxf7 26. Nc4 Be7 27. Rc1
Ke6 28. Re1+ Kd7 29. Re2 Bg5 30. f4 Bf6 31. a4 bxa3 32. Nxa3 a6 33. Kg2 b5 34.
Kf3 Kd6 35. g4 Kd5 36. g5 Bd8 37. Re8 Rb8 38. h4 Bc7 39. Re7 Bd6 40. Rxh7 Rf8
41. Rh6 Bxf4 42. Rxg6 Bxg5+ 43. Kg4 Bc1 44. Rxa6 Bxb2 45. Nxb5 Rg8+ 46. Kh3 Bc1
47. Nc7+ Ke5 48. Ra5+ Kf4 49. Ne6+ Kf3 50. Nxd4+ Ke3 51. Ne6 Kd2 52. d4 Kxc2 53.
d5 Kd3 54. d6 Be3 55. Ra3+ Ke4 56. Rxe3+ Kxe3 57. d7 Ke4 58. d8=Q Rxd8 59. Nxd8
Kf5 60. Nc6 Kf4 61. Nd4 Ke5 62. Kg4 Kf6 63. h5 Kg7 64. Kg5 Kh7 65. Nf5 Kh8 66.
Kg6 Kg8 67. Nh6+ Kh8 68. Nf7+ Kg8 69. h6 1-0

[Event "3rd Al Ain Chess Rapid"]
[Site "Al-Ain UAE"]
[Date "2014.12.18"]
[Round "2.17"]
[White "Babujian, Levon"]
[Black "Abdi, Abdelkrim"]
[Result "1-0"]
[WhiteTitle "GM"]
[WhiteElo "2471"]
[BlackElo "1582"]
[WhiteFideId "13301993"]
[BlackFideId "12568740"]
[EventDate "2014.12.18"]

1. d4 Nf6 2. c4 e6 3. Nc3 Bb4 4. Nf3 c5 5. g3 O-O 6. Bg2 cxd4 7. Nxd4 Nc6 8. O-O
a6 9. Nc2 Bc5 10. Bf4 Re8 11. Qd2 e5 12. Bg5 h6 13. Bxf6 Qxf6 14. Rad1 Bd4 15.
Nd5 Qd8 16. b4 Ne7 17. Nxd4 Nxd5 18. Bxd5 exd4 19. Qxd4 Qe7 20. c5 Qxe2 21. Qf4
Qe7 22. Rde1 Qf8 23. Re3 d6 24. cxd6 Bd7 25. Rfe1 Rab8 26. Re7 Be6 27. Bxe6 fxe6
28. R1xe6 Rbd8 29. Qxf8+ Kxf8 30. f4 Rxe7 31. dxe7+ 1-0

[Event "3rd Al Ain Chess Rapid"]
[Site "Al-Ain UAE"]
[Date "2014.12.18"]
[Round "2.18"]
[White "Firouzja, Alireza"]
[Black "Lodhi, Mahmood"]
[Result "1-0"]
[BlackTitle "IM"]
[WhiteElo "2332"]
[BlackElo "2328"]
[WhiteFideId "12573981"]
[BlackFideId "7800010"]
[EventDate "2014.12.18"]

1. e4 e5 2. Nf3 Nc6 3. Bb5 a6 4. Ba4 Nf6 5. O-O Be7 6. d3 b5 7. Bb3 d6 8. c3 O-O
9. Re1 Na5 10. Bc2 c5 11. Nbd2 Nc6 12. h3 a5 13. a4 b4 14. Nc4 Be6 15. Ng5 Bxc4
16. dxc4 Nd7 17. Nf3 Qc7 18. Qe2 Nd8 19. Nh2 Ne6 20. g3 bxc3 21. bxc3 Bg5 22.
Ba3 Rab8 23. h4 Be7 24. Ng4 Rb7 25. Ne3 Rfb8 26. Nd5 Qd8 27. Bc1 Nb6 28. Be3
Nxd5 29. cxd5 Nf8 30. Bd3 Rb2 31. Qf3 Qc8 32. Bb5 Qh3 33. Bc1 Rb3 34. Re3 Bd8
35. Qe2 Ng6 36. Qc4 R3xb5 37. axb5 Qg4 38. Qe2 Qxe2 39. Rxe2 Rxb5 40. Rb2 Rxb2
41. Bxb2 Nf8 42. c4 Nd7 43. Bc3 Kf8 44. Kf1 Ke8 45. Ke2 Nb6 46. Kd3 a4 47. Ba5
Nxd5 48. cxd5 Bxa5 49. Rxa4 Be1 50. Ra2 h5 51. Kc4 g6 52. Kb5 Ke7 53. Kc6 c4 54.
Re2 Bb4 55. Kb5 Bc5 56. Kxc4 f5 57. f3 Kf6 58. Kb5 f4 59. gxf4 exf4 60. e5+ Ke7
61. Kc6 1-0

[Event "3rd Al Ain Chess Rapid"]
[Site "Al-Ain UAE"]
[Date "2014.12.18"]
[Round "2.19"]
[White "Sidharth Balaji Sridharan"]
[Black "Onischuk, Vladimir"]
[Result "0-1"]
[BlackTitle "GM"]
[WhiteElo "1114"]
[BlackElo "2614"]
[WhiteFideId "45002789"]
[BlackFideId "14114038"]
[EventDate "2014.12.18"]

1. e4 d6 2. d4 Nf6 3. Nf3 Nxe4 4. Bd3 Nf6 5. Bg5 g6 6. O-O Bg7 7. Nc3 O-O 8. Qd2
Bg4 9. Be2 Nc6 10. d5 Bxf3 11. Bxf3 Ne5 12. Be2 c6 13. Bh6 Bxh6 14. Qxh6 cxd5
15. Qd2 e6 16. Bf3 Nxf3+ 17. gxf3 Qb6 18. b3 Qb4 19. Ne4 Qxd2 20. Nxd2 Rac8 21.
c4 Rc6 22. cxd5 Nxd5 23. Nc4 Nf4 24. Rfd1 d5 25. Ne5 Rc2 26. Nd3 Nxd3 27. Rxd3
Rfc8 28. a4 Rb2 29. Rad1 Rcc2 30. R1d2 Rxd2 31. Rxd2 Rxd2 32. Kf1 Rb2 33. Ke1
Rxb3 34. Kd2 Ra3 35. Kc2 Rxa4 36. Kb3 Rf4 37. Kc2 a5 38. Kb3 b5 39. Kb2 Rxf3 40.
h4 b4 41. Kc2 a4 42. Kb2 Rxf2+ 43. Kb1 a3 44. Ka1 b3 45. h5 Rf1# 0-1

[Event "3rd Al Ain Chess Rapid"]
[Site "Al-Ain UAE"]
[Date "2014.12.18"]
[Round "2.20"]
[White "Amini, Hossein Ali"]
[Black "Puranik, Abhimanyu"]
[Result "0-1"]
[BlackTitle "CM"]
[WhiteElo "1521"]
[BlackElo "2255"]
[WhiteFideId "11201584"]
[BlackFideId "5061245"]
[EventDate "2014.12.18"]

1. e4 e6 2. d4 d5 3. Nc3 Bb4 4. e5 c5 5. Be3 Nc6 6. a3 Bxc3+ 7. bxc3 Nge7 8. Nf3
Bd7 9. Rb1 Qa5 10. Rb3 c4 11. Rxb7 Qxc3+ 12. Bd2 Qxa3 13. Qb1 h6 14. Rxd7 Rb8
15. Rb7 Rxb7 16. Qxb7 Qa1+ 17. Ke2 O-O 18. Qb5 c3 19. Be3 Rb8 20. Qd3 Nb4 21.
Qd1 Qa6+ 22. Ke1 Qa2 23. Bd3 Nxd3+ 24. cxd3 c2 25. Qe2 Rb1+ 0-1

[Event "3rd Al Ain Chess Rapid"]
[Site "Al-Ain UAE"]
[Date "2014.12.18"]
[Round "2.22"]
[White "Alnyeyadi, Abdulla"]
[Black "Safarov, Zirva"]
[Result "0-1"]
[WhiteElo "1423"]
[BlackElo "2104"]
[WhiteFideId "9308393"]
[BlackFideId "13413040"]
[EventDate "2014.12.18"]

1. d4 Nf6 2. c4 e5 3. dxe5 Ng4 4. Nf3 Bc5 5. e3 Nc6 6. b3 Ngxe5 7. Bb2 Qf6 8.
Nbd2 Nxf3+ 9. Nxf3 Qxb2 10. Rb1 Bb4+ 0-1

[Event "3rd Al Ain Chess Rapid"]
[Site "Al-Ain UAE"]
[Date "2014.12.18"]
[Round "2.23"]
[White "Ahmed Mohamed Qayed"]
[Black "Sameir, Ramez"]
[Result "0-1"]
[WhiteElo "1551"]
[BlackElo "2128"]
[WhiteFideId "9314261"]
[BlackFideId "10606017"]
[EventDate "2014.12.18"]

1. e4 e6 2. d4 d5 3. e5 c5 4. Nf3 Qb6 5. Nbd2 cxd4 6. Bd3 Nc6 7. O-O Nb4 8. Nb3
Nxd3 9. Qxd3 Bd7 10. Bf4 Bb5 11. Qd2 Bxf1 12. Rxf1 a5 13. a3 a4 14. Nbxd4 Qxb2
15. Qc1 Qxc1 16. Bxc1 Bc5 17. Nb5 Kd7 18. Ne1 Ra5 19. Nc3 Bd4 20. Bd2 Bxe5 21.
Nd3 Bd6 22. Rb1 Kc6 23. Nb4+ Bxb4 24. Rxb4 b5 25. Ne2 Nf6 26. Nd4+ Kd7 27. Nxb5
Rb8 28. Nd4 Rxb4 29. Bxb4 Ra8 30. f3 g6 31. g4 Rc8 0-1

[Event "3rd Al Ain Chess Rapid"]
[Site "Al-Ain UAE"]
[Date "2014.12.18"]
[Round "2.24"]
[White "Tagelsir, Abubaker"]
[Black "Al Shamisi, Hareb Nasser"]
[Result "1-0"]
[WhiteTitle "FM"]
[WhiteElo "2029"]
[BlackElo "1389"]
[WhiteFideId "12200875"]
[BlackFideId "9308067"]
[EventDate "2014.12.18"]

1. e4 e5 2. Nf3 Nc6 3. d4 exd4 4. Bc4 Nf6 5. e5 Ng4 6. Qe2 Qe7 7. Bf4 f6 8. exf6
Qxe2+ 9. Kxe2 Nxf6 10. Nbd2 Nh5 11. Bxc7 d6 12. Bb5 Nf4+ 13. Kf1 Nd5 14. Ba5 Bd7
15. Bxc6 Bxc6 16. Nxd4 Bd7 17. c4 Nf4 18. Re1+ Kf7 19. Re4 Nd3 20. Bc3 Be7 21.
Ke2 Ne5 22. Re1 Rac8 23. Kf1 Bf6 24. b3 b5 25. Nxb5 Bxb5 26. Bxe5 Bc6 27. Bxf6
Bxe4 28. Nxe4 gxf6 29. Nxd6+ Kg6 30. Nxc8 Rxc8 31. f3 Rd8 32. Kf2 Rd2+ 33. Re2
Rd8 34. c5 Rc8 35. b4 a5 36. a3 axb4 37. axb4 Rb8 38. Re4 f5 39. Rc4 Kf6 40. c6
Rc8 41. b5 Ke6 42. b6 Kd5 43. b7 Re8 44. c7 1-0

[Event "3rd Al Ain Chess Rapid"]
[Site "Al-Ain UAE"]
[Date "2014.12.18"]
[Round "2.25"]
[White "Mohammed, Tarig Elther"]
[Black "Shah Shilpa"]
[Result "1-0"]
[WhiteElo "2044"]
[BlackElo "1240"]
[WhiteFideId "12200964"]
[BlackFideId "25069691"]
[EventDate "2014.12.18"]

1. d4 Nf6 2. Nf3 g6 3. c4 Bg7 4. Nc3 d6 5. e4 O-O 6. Be2 c5 7. O-O Nc6 8. d5 Ne5
9. Nxe5 dxe5 10. Be3 Ng4 11. Bxg4 Bxg4 12. Qxg4 Qb6 13. Na4 Qb4 14. b3 b5 15.
Bxc5 Qa5 16. cxb5 Qxb5 17. Bxe7 Rfe8 18. d6 Bf8 19. Bxf8 Rxf8 20. Rfd1 Rfd8 21.
Rd5 Qc6 22. Rad1 Qc2 23. R5d2 Qc6 24. h4 Rab8 25. h5 Rb7 26. h6 Rbd7 27. Qg5
Rxd6 28. Qxd8+ Rxd8 29. Rxd8+ Qe8 30. Rxe8# 1-0

[Event "3rd Al Ain Chess Rapid"]
[Site "Al-Ain UAE"]
[Date "2014.12.18"]
[Round "2.26"]
[White "Abtini, Hasan"]
[Black "Shah Jiya"]
[Result "1-0"]
[WhiteElo "1987"]
[BlackElo "1063"]
[WhiteFideId "7601506"]
[BlackFideId "25041568"]
[EventDate "2014.12.18"]

1. b3 Nf6 2. Bb2 g6 3. g3 Bg7 4. Bg2 d6 5. Nf3 O-O 6. O-O Nc6 7. c4 e5 8. Nc3
Be6 9. d3 Qd7 10. Re1 Bh3 11. Bh1 Ne8 12. Ng5 Bf5 13. e4 Bg4 14. f3 Be6 15. Nxe6
Qxe6 16. Nd5 f5 17. Qe2 Rc8 18. Rf1 Nf6 19. Rae1 Rf7 20. Bg2 Nd7 21. Bh3 Qe8 22.
Qd2 Qf8 23. Qg5 Bh6 24. Qh4 g5 25. Qh5 f4 26. gxf4 gxf4 27. Kh1 Nd8 28. Rg1+ Kh8
29. Rg2 c6 30. Bxd7 Rxd7 31. Qg4 Qf7 32. Nf6 Rcc7 33. Qg8+ Qxg8 34. Rxg8# 1-0